| 000 | 01055nam a22002537i 4500 | ||
|---|---|---|---|
| 999 |
_c22746 _d22746 |
||
| 003 | AR-CdUCM | ||
| 008 | 231030b20212021pe ad||| |||| 001 0 spa d | ||
| 020 | _a978-612-00-6212-8 | ||
| 040 |
_aMUNICIPALIDAD PROVINCIAL DEL CUSCO _cBIBLIOTECA MUNICIPAL DEL CUSCO |
||
| 041 | _hspa | ||
| 082 |
_a657 / V66 _bV66 |
||
| 100 |
_aVillalba Pacheco, Máximo _921853 |
||
| 245 |
_aContabilidad Comercial y Comercio Internacional : _bEl PCGE aplicable a los sistemas de contables del activo disponible, exigible y realizable, tributario / |
||
| 260 |
_aCusco : _c2021. |
||
| 300 |
_a314 páginas. : _c23 cm. |
||
| 505 | _aLa Contabilidad -- Principios -- Evaluación al costo -- La empresa -- Activo disponible -- Activo exigible -- Activo comercial, Regímenes tributarios -- Comercio internacional | ||
| 650 |
_aContabilidad _910543 |
||
| 650 |
_aComercio internacional _949085 |
||
| 650 |
_aCrecimiento empresarial _949068 |
||
| 650 |
_aActivo exigible _949069 |
||
| 650 |
_aSistema de control _949070 |
||
| 942 |
_2ddc _cLIBROS |
||
| 945 |
_apebm _d30-10-2023 |
||